000 00469nam a2200181Ia 4500
008 090124s9999 xx 000 0 und d
082 _b9127
_a2228
100 _aतेंडुलकर मीना
245 _a सावट
250 _a1
260 _c1956
300 _a148
600 _aतेंडुलकर मीना
630 _a सावट
700 _aतेंडुलकर मीना
730 _a सावट
942 _cBOOK
999 _c123174
_d123174